التدرج الإيماني لآيات الترهيب في القرآن الكريم / (رقم التسجيلة. 136773)

تفاصيل مارك
000 -الفاتح
عناصر البيانات ثابتة الطول 00716cam a2200193 i 4500
005 - تاريخ ووقت آخر معاملة
حقل ضبط 20251123110240.0
008 - عناصر البيانات ثابتة الطول
عناصر البيانات ثابتة الطول 250721s2017 jo gr 000 0 ara d
020 ## - الترقيم الدولي المعياري للكتب (ردمك)
الترقيم الدولي المعياري للكتب (ردمك) 9789957594749
082 14 - رقم تصنيف ديوي العشري
رقم التصنيف 211.18
رقم المادة س ع د
100 1# - مدخل رئيسي – اسم شخصي
الاسم الشخصي سعدالله، علي غانم
علاقة الشخص بالعمل/ دوره مؤلف.
245 12 - بيان العنوان
العنوان التدرج الإيماني لآيات الترهيب في القرآن الكريم /
بيان المسؤولية تأليف د. علي غانم سعد الله.
250 ## - بيان الطبعة
بيان الطبعة الطبعة الأولى.
264 31 - بيانات النشر، التوزيع…إلخ
مكان النشر، التوزيع...إلخ عمان :
اسم الناشر، الموزع...إلخ دار الجنان للنشر والتوزيع،
تاريخ النشر، التوزيع...إلخ 2017.
300 ## - الوصف المادي
عدد الوحدات المكونة للوعاء 173 صفحة.
650 17 - مدخل إضافي بالموضوع - مصطلح موضوعي
مصطلح موضوعي أو اسم جغرافي كعنصر مدخل القرآن الكريم.
650 17 - مدخل إضافي بالموضوع - مصطلح موضوعي
مصطلح موضوعي أو اسم جغرافي كعنصر مدخل آيات القرآن.
942 ## - بيانات إضافية (كوها)
نوع التنصيف Dewey Decimal Classification
نوع المادة (كوها) كتب
المقتنيات
حالة السحب حالة الفقدان مصدر التصنيف حالة التلف غير قابل للإعارة المكتبة الرئيسية المكتبة الحالية موقع الرف تاريخ التزويد الرقم المتسلسل Total Checkouts رقم الإستدعاء الباركود تاريخ آخر ظهور تاريخ الفاتورة نوع المادة (كوها)
    Dewey Decimal Classification     المكتبة المركزية المكتبة المركزية الإعارة 28/07/2025 1673086   211.18 / س ع د PLD00412586 28/07/2025 28/07/2025 كتب
    Dewey Decimal Classification     مكتبة أبو علندا العامة مكتبة أبو علندا العامة الإعارة 06/12/2017 1673090   211.18/سعد PLD00412892 28/07/2025 06/12/2017 كتب
    Dewey Decimal Classification     مكتبة الحسن العامة مكتبة الحسن العامة الإعارة 06/12/2017 1673087   211.18/سعد PLD00412889 28/07/2025 06/12/2017 كتب
    Dewey Decimal Classification     مكتبة حمزة العامة مكتبة حمزة العامة الإعارة 06/12/2017 1673089   211.18/سعد PLD00412891 28/07/2025 06/12/2017 كتب
    Dewey Decimal Classification     مكتبة صويلح العامة مكتبة صويلح العامة الإعارة 06/12/2017 1673088   211.18/سعد PLD00412890 28/07/2025 06/12/2017 كتب
Implemented & Customized by: BBB with SCIT (Smart Chains for Information Technology)

Powered by Koha